Estadísticas para Países más cercanos a Guinea - sprint de un minuto

Haz click aquí para intentar la prueba.

Estadísticas generales

  • Esta prueba ha sido intentada 14 veces
  • La puntuación promedio es 15 de 20

Estadísticas de respuestas

kmpaís% Correcto
0Guinea-Bissau
93%
0Malí
93%
1001Níger
93%
1137Nigeria
93%
0Senegal
93%
267Burkina Faso
86%
540Ghana
86%
0Sierra Leona
86%
947Benín
79%
1831Camerún
79%
74Gambia
79%
1657Marruecos
79%
280Mauritania
79%
875Togo
79%
0Liberia
71%
1409Argelia
64%
0Côte d'Ivoire
64%
996Cabo Verde
57%
1684España
29%
965Sahara Occidental)
14%

Distribución de puntuación

Porcentaje por número respondido

Porcentaje de gente con cada puntuación

Historial de tus puntuaciones

No has intentado esta prueba.